MARC

LEADER 00000nam0a2200000 4500
001 316731
005 20231102002914.0
020 |a RU  |b 82-77362 
035 |a (RuTPU)RU\TPU\book\342199 
090 |a 316731 
100 |a 20160328d1982 km y0rusy5003 ca 
101 0 |a rus 
102 |a RU 
105 |a a z 001zy 
200 1 |a Вопросы совершенствования маркшейдерско-геодезических работ  |e сборник  |f Ленинградский горный институт им. Г. В. Плеханова (ЛГИ) ; под ред. С. А. Коробкова 
210 |a Ленинград  |c Изд-во ЛГИ  |d 1982 
215 |a 125 с.  |c ил. 
320 |a Библиогр. в конце ст. 
606 1 |a Маркшейдерские работы  |x Точность  |2 stltpush  |3 (RuTPU)RU\TPU\subj\41065  |9 60884 
610 1 |a маркшейдерское дело 
610 1 |a геодезические работы 
610 1 |a маркшейдерские службы 
610 1 |a геодезические измерения 
610 1 |a математическая обработка 
610 1 |a результаты 
610 1 |a качество 
610 1 |a методы 
610 1 |a технические средства 
610 1 |a полезные ископаемые 
610 1 |a свойства 
610 1 |a отображение 
675 |a 622.1:528.4  |z rus  |v 3 
702 1 |a Коробков  |b С. А.  |g Спиридон Акинфович  |4 340 
712 0 2 |a Ленинградский горный институт им. Г. В. Плеханова (ЛГИ)  |c (1924-1991)  |2 stltpush  |3 (RuTPU)RU\TPU\col\1021 
801 0 |a RU  |b RuMRKP  |c 19950704  |g psbo 
801 1 |a RU  |b 63413507  |c 20160328 
801 2 |a RU  |b 63413507  |c 20191206  |g RCR 
942 |c BK